[Event "FRA-ch Accession"]
[Site "Besancon"]
[Date "2006.08.16"]
[Round "2"]
[White "Prouteau, Thomas"]
[Black "Colliou, Yannick"]
[Result "1-0"]
[WhiteElo "2080"]
[BlackElo "2197"]
[PlyCount "60"]
[EventDate "2006.08.15"]
[EventType "swiss"]
[EventRounds "10"]
[EventCountry "FRA"]
[SourceTitle "CBM 113 Extra"]
[Source "ChessBase"]
[SourceDate "2006.09.14"]
[SourceVersion "1"]
[SourceVersionDate "2006.09.14"]
[SourceQuality "1"]

1. d4 d5 2. Nf3 c6 3. c4 Nf6 4. Nc3 e6 5. Bg5 dxc4 6. e4 b5 7. e5 h6 8. Bh4 g5 9. Nxg5 hxg5 10. Bxg5 Nbd7 11. exf6 Qa5 12. g3 b4 13. Ne4 c3 14. bxc3 bxc3 15. Qd3 Bb7 16. Be2 c5 17. 0-0 c4 18. Qe3 Nb6 19. Nc5 Bd5 20. Rfc1 Bxc5 21. dxc5 Na4 22. Bf3 0-0-0 23. Rab1 Kc7 24. Bf4+ Kc6 25. h4 Qxc5 26. Bd1 Qa5 27. Qe5 Nc5 28. Rxc3 Rd7 29. a4 Nd3 30. Rxc4+ Nc5 1-0

[Event "Louviers op 9th"]
[Site "Louviers "]
[Date "2006.03.06"]
[Round "2"]
[White "Cruchet, Sebastien"]
[Black "Colliou, Yannick"]
[Result "0-1"]
[WhiteElo "1790"]
[BlackElo "2209"]
[PlyCount "48"]
[EventDate "2006.03.06"]
[EventType "swiss"]
[EventRounds "7"]
[EventCountry "FRA"]
[SourceTitle "EXT 2008"]
[Source "ChessBase"]
[SourceDate "2007.11.25"]
[SourceVersion "1"]
[SourceVersionDate "2007.11.25"]
[SourceQuality "1"]

1. e4 c5 2. Nf3 e6 3. d4 cxd4 4. Nxd4 Nc6 5. Nc3 a6 6. Be2 Bb4 7. 0-0 Qc7 8. Be3 Nf6 9. Nxc6 bxc6 10. Bd3 d5 11. exd5 cxd5 12. Na4 Bb7 13. a3 Bd6 14. h3 Qc6 15. f3 Qxa4 16. Rc1 0-0 17. Qe1 Bf4 18. c4 Bxe3+ 19. Qxe3 dxc4 20. Rxc4 Qd7 21. Rd1 Bd5 22. Rf4 Qa7 23. Rd4 Bb3 24. Rd2 Rad8 0-1

[Event "Avoine op 20th"]
[Site "Avoine"]
[Date "2005.07.28"]
[Round "6"]
[White "Danzanvilliers, Serge"]
[Black "Colliou, Yannick"]
[Result "0-1"]
[WhiteElo "2023"]
[BlackElo "2256"]
[PlyCount "56"]
[EventDate "2005.07.23"]
[EventType "swiss"]
[EventRounds "9"]
[EventCountry "FRA"]
[SourceTitle "EXT 2007"]
[Source "ChessBase"]
[SourceDate "2006.11.23"]
[SourceVersion "1"]
[SourceVersionDate "2006.11.23"]
[SourceQuality "1"]

1. e4 c5 2. Nc3 Nc6 3. g3 g6 4. Bg2 Bg7 5. d3 e6 6. Be3 Nd4 7. Nce2 e5 8. c3 Ne6 9. f4 d6 10. Nf3 Qc7 11. Qd2 Nf6 12. h3 exf4 13. Nxf4 Nxf4 14. gxf4 0-0 15. 0-0-0 b5 16. Qc2 Rb8 17. Nd2 Be6 18. b3 b4 19. c4 a5 20. Nf3 a4 21. d4 axb3 22. axb3 Nxe4 23. Qxe4 Bf5 24. Qd5 Rfe8 25. dxc5 Rxe3 26. cxd6 Qa7 27. Ne5 Qa1+ 28. Kd2 Qc3# 0-1

[Event "Avoine op 20th"]
[Site "Avoine"]
[Date "2005.07.26"]
[Round "4"]
[White "Bry, Stephane"]
[Black "Colliou, Yannick"]
[Result "0-1"]
[WhiteElo "2084"]
[BlackElo "2256"]
[PlyCount "66"]
[EventDate "2005.07.23"]
[EventType "swiss"]
[EventRounds "9"]
[EventCountry "FRA"]
[SourceTitle "EXT 2007"]
[Source "ChessBase"]
[SourceDate "2006.11.23"]
[SourceVersion "1"]
[SourceVersionDate "2006.11.23"]
[SourceQuality "1"]

1. e4 d6 2. d4 Nf6 3. Nc3 g6 4. Be3 c6 5. f3 Nbd7 6. Qd2 b5 7. h4 Bb7 8. Be2 e5 9. 0-0-0 Qa5 10. d5 a6 11. dxc6 Bxc6 12. Kb1 b4 13. Nd5 Bxd5 14. exd5 Nc5 15. Nh3 Na4 16. Bc4 Rb8 17. Bb3 Rb5 18. Bc4 Nc3+ 19. Ka1 Rxd5 20. Bxd5 Nfxd5 21. a3 Nxd1 22. Rxd1 Nxe3 23. Qxe3 bxa3 24. Qxa3 Qxa3+ 25. bxa3 Be7 26. c4 h6 27. Nf2 f5 28. g3 Kf7 29. Nd3 Rc8 30. c5 e4 31. cxd6 Bf6+ 32. Nb2 Rb8 33. d7 Bxb2+ 0-1

[Event "Dieppe op 3rd"]
[Site "Dieppe"]
[Date "2002.07.31"]
[Round "5"]
[White "Besson, Bastien"]
[Black "Colliou, Yannick"]
[Result "1-0"]
[WhiteElo "2097"]
[BlackElo "2206"]
[PlyCount "79"]
[EventDate "2002.??.??"]
[EventType "swiss"]
[EventRounds "9"]
[EventCountry "FRA"]
[SourceTitle "EXT 2005"]
[Source "ChessBase"]
[SourceDate "2004.11.15"]
[SourceVersion "1"]
[SourceVersionDate "2004.11.15"]
[SourceQuality "1"]

1. e4 d5 2. exd5 Qxd5 3. Nc3 Qd6 4. Nf3 Nf6 5. d4 Bg4 6. Be2 a6 7. Be3 Nc6 8. Qd2 e6 9. Ng5 Bxe2 10. Nxe2 Qd5 11. f3 Rd8 12. c3 Be7 13. 0-0 h6 14. Nh3 g5 15. Rae1 Nh5 16. b3 Ng7 17. Qb2 0-0 18. Rd1 Nf5 19. Bc1 Bf6 20. Nf2 Bg7 21. Ne4 b6 22. N2g3 Nce7 23. f4 g4 24. Qe2 Nxg3 25. Nxg3 h5 26. f5 Nxf5 27. Nxh5 f6 28. Qxg4 Rd7 29. Nf4 Qc6 30. Nxe6 Qxe6 31. Qxf5 Qf7 32. Ba3 Rfd8 33. Rde1 Rd5 34. Qf2 Qg6 35. Re3 Rg5 36. Rf3 Re8 37. Bc1 Rg4 38. h3 Rge4 39. Rg3 Qf7 40. Bh6 1-0